000 00325nam a2200133Ia 4500
008 191201s2004 xx 000 0 und d
082 _a671
_bPAE
100 _aPARASHER, B S ,Nagendra
245 0 _aElements of Manufacturing Process
260 _aN.Delhi
_bPHI
_c2004
300 _a475
650 _aB.Tech(ME)
942 _2ddc
_cBK
999 _c806
_d806